[Event "Milan SSM op 08"]
[Site "Milan"]
[Date "2014.07.29"]
[Round "1"]
[White "Quagliarella, Sabino Remo"]
[Black "Pelizzola, Danilo"]
[Result "1/2-1/2"]
[WhiteElo "1838"]
[BlackElo "2106"]
[PlyCount "75"]
[EventDate "2014.07.29"]
[EventType "swiss"]
[EventRounds "7"]
[EventCountry "ITA"]
[SourceTitle "EXT 2016"]
[Source "ChessBase"]
[SourceDate "2015.10.08"]
[SourceVersion "1"]
[SourceVersionDate "2015.10.08"]
[SourceQuality "1"]

1. d4 Nf6 2. Nf3 e6 3. Nbd2 d5 4. e3 c5 5. dxc5 Bxc5 6. Bd3 Nc6 7. 0-0 0-0 8. a3 Qc7 9. b4 Bd6 10. Bb2 e5 11. e4 dxe4 12. Nxe4 Nxe4 13. Bxe4 h6 14. c4 Be6 15. c5 Be7 16. Bxc6 Qxc6 17. Nxe5 Qc7 18. Qf3 Bf6 19. Rfe1 a5 20. bxa5 Rxa5 21. Rac1 Rxc5 22. Rxc5 Qxc5 23. Nd3 Qf5 24. Qxf5 Bxf5 25. Bxf6 Bxd3 26. Be7 Rc8 27. Bb4 g5 28. f3 Rc2 29. Rd1 Bb5 30. Rd2 Rc1+ 31. Kf2 Kg7 32. Kg3 Bc6 33. h4 Rc4 34. hxg5 hxg5 35. Rd4 Rc2 36. Rd2 Rc1 37. Rd8 Rc2 38. Rd2 1/2-1/2

[Event "Milan SSM op 07"]
[Site "Milan"]
[Date "2014.07.06"]
[Round "4"]
[White "Biava, Pierluigi"]
[Black "Pelizzola, Danilo"]
[Result "0-1"]
[WhiteElo "1613"]
[BlackElo "2106"]
[PlyCount "60"]
[EventDate "2014.07.03"]
[EventType "swiss"]
[EventRounds "5"]
[EventCountry "ITA"]
[SourceTitle "EXT 2016"]
[Source "ChessBase"]
[SourceDate "2015.10.08"]
[SourceVersion "1"]
[SourceVersionDate "2015.10.08"]
[SourceQuality "1"]

1. e4 e5 2. Nc3 Nf6 3. g3 Nc6 4. Bg2 Bc5 5. Nge2 d6 6. 0-0 a6 7. d3 0-0 8. Na4 Ba7 9. Be3 Bxe3 10. fxe3 Ng4 11. Rf3 Qg5 12. Qd2 Nd4 13. Nxd4 exd4 14. Rf5 Bxf5 15. exf5 Rfe8 16. Be4 dxe3 17. Qe2 Nf2 18. Nc3 Qf6 19. Qe1 Nxe4 20. dxe4 c6 21. Rd1 d5 22. Qxe3 dxe4 23. g4 Rad8 24. Kf2 Rxd1 25. Nxd1 Qe5 26. Kg2 h5 27. h3 c5 28. c3 b5 29. Nf2 a5 30. Nd1 b4 0-1

[Event "Milan SSM op 07"]
[Site "Milan"]
[Date "2014.07.05"]
[Round "3"]
[White "Pelizzola, Danilo"]
[Black "Hansen, Torbjorn Ringdal"]
[Result "0-1"]
[WhiteElo "2106"]
[BlackElo "2448"]
[PlyCount "104"]
[EventDate "2014.07.03"]
[EventType "swiss"]
[EventRounds "5"]
[EventCountry "ITA"]
[SourceTitle "EXT 2016"]
[Source "ChessBase"]
[SourceDate "2015.10.08"]
[SourceVersion "1"]
[SourceVersionDate "2015.10.08"]
[SourceQuality "1"]

1. e4 c5 2. Nf3 d6 3. d4 cxd4 4. Nxd4 Nf6 5. Nc3 g6 6. Be3 Bg7 7. f3 0-0 8. Bc4 Nc6 9. Qd2 Bd7 10. 0-0-0 Rc8 11. Bb3 Nxd4 12. Bxd4 b5 13. Nd5 Nxd5 14. Bxd5 Bxd4 15. Qxd4 Qc7 16. c3 a5 17. Kb1 Qc5 18. Rhe1 Rc7 19. Qxc5 Rxc5 20. Rd4 Kg7 21. a3 Rb8 22. Rc1 Rbc8 23. Rcd1 f5 24. Ka1 fxe4 25. Rxe4 e5 26. Bb3 R8c6 27. Bd5 Rb6 28. Ree1 b4 29. cxb4 axb4 30. Re3 Kf6 31. axb4 Rxb4 32. Rc3 Rd4 33. Rxd4 exd4 34. Rxc5 dxc5 35. Kb1 Ke5 36. Bg8 Kf4 37. Bxh7 Be8 38. Kc1 Ke3 39. Bg8 Bb5 40. Bb3 Bf1 41. g3 c4 42. Bd1 Bh3 43. Bc2 d3 44. Bd1 Bf5 45. Kb1 Kd2 46. Ba4 Ke2 47. g4 Be6 48. h4 d2 49. h5 g5 50. h6 Bg8 51. f4 gxf4 52. g5 Bh7+ 0-1